• 首页
  • 本馆介绍
  • 公告通知
  • 最新文献
  • 馆藏检索
  • 电子资源
  • 读者导购
  • 参考咨询
  • 我的图书馆
  • 登录
  • 详细信息显示
  • 放入我的书架
  • 预约/预借图书
  • 作者相关作品
  • 分类相关作品
  • 丛书相关作品
  • 出版社相关作品

书目信息

  • 表格格式
  • 工作单格式
  • 卡片格式
题名:
人工湿地污水处理理论与技术
    
 
作者: 王世和 著
分册:  
出版信息: 北京   科学出版社  2007
页数: 246页
开本: 24cm
丛书名:
单 册:
中图分类: P941.78 , X703
科图分类:
主题词: 沼泽化地--污水处理
电子资源:
ISBN: 978-7-03-018740-6
000 00831nam0 2200241 450
001 1547986622
005 20150118131954.15
010    @a978-7-03-018740-6@dCNY45.00
100    @a20070327d2007 em y0chiy50 ea
101 0  @achi
102    @aCN@b110000
105    @aa z 000yy
200 1  @a人工湿地污水处理理论与技术@9ren gong shi di wu shui chu li li lun yu ji shu@f王世和著
210    @a北京@c科学出版社@d2007
215    @a246页@c图@d24cm
330    @a本书共分八章,内容包括:人工湿地的植物与功能、微生物与功能、人工湿地的基质条件与功能、污染物的迁移与转化、人工湿地的处理原理、强化处理技术、人工湿地的设计、建造与管理等。
606 0  @a沼泽化地@x污水处理
610 0  @a湿地
690    @aP941.78@v5
690    @aX703@v5
701  0 @a王世和@9wang shi he@4著
801  0 @aCN@bTSSF@c20150118
905    @aZUCC@dP941.78@eJY65
    
    人工湿地污水处理理论与技术/王世和著.-北京:科学出版社,2007
    246页:图;24cm
    
    
    ISBN 978-7-03-018740-6:CNY45.00
    本书共分八章,内容包括:人工湿地的植物与功能、微生物与功能、人工湿地的基质条件与功能、污染物的迁移与转化、人工湿地的处理原理、强化处理技术、人工湿地的设计、建造与管理等。
●
相关链接 在E读中查询图书 在五车中查询图书 在当当中查询图书 在豆瓣中查询图书


正题名:人工湿地污水处理理论与技术     索取号:P941.78/JY65         预约/预借

序号 登录号 条形码 馆藏地/架位号 状态 备注
1 7852745   278527453   学院路分馆/ [索取号:P941.78/JY65] 在馆    
2 7852746   278527462   学院路分馆/ [索取号:P941.78/JY65] 在馆    
唐山师范学院图书馆 欢迎您!
大连网信软件有限公司© 版权所有